000 01134nam a2200313 i 4500
001 bg
003 BPK
005 20220324132724.0
008 990702s1999 pl a f f |000 0 pol
015 _aPB 1999/9538
020 _a8387012718
040 _aWA N
_cBPK
041 0 _apol
080 _a624.131
080 _a(075.8)
100 1 _aObrycki, Marek
_eAutor
245 1 0 _aZbiór zadań z mechaniki gruntów /
_cMarek Obrycki, Stanisław Pisarczyk.
250 _aWyd. 3 popr.
260 _aWarszawa :
_bOficyna Wydawnicza Politechniki Warszawskiej,
_c1999.
300 _a123, [1] s. :
_brys., wykr. ;
_c24 cm.
504 _aBibliogr. s. [124].
521 8 _aDla studentów Wydz. Inżynierii Lądowej oraz Wydz. Inżynierii Środowiska specjalności inżynieria wodna.
655 4 _aPodręczniki akademickie
650 4 _aMechanika gruntów
710 2 _aPolitechnika Warszawska.
_bOficyna Wydawnicza.
_4pbl.
700 1 _aPisarczyk, Stanisław
_d(1937- )
_eAutor
856 _uhttp://koha.tu.koszalin.pl/cgi-bin/koha/opac-detail.pl?biblionumber=36690
_yKatalog online BPK
942 _2UKD
_cKS
999 _c36690
_d36690